| LEADER | 01374nam a2200337 a 4500 | ||
|---|---|---|---|
| 001 | c000180142 | ||
| 003 | CARM | ||
| 005 | 19980414000000.0 | ||
| 008 | 720204s1971 enkb n000 0 eng d | ||
| 015 | |a B7203767 | ||
| 019 | 1 | |a 3524529 |z 9395993 |5 LACONCORD2021 | |
| 020 | |a 0118801384 |c £1.20 | ||
| 035 | |a (OCoLC)3922761 |5 LACONCORD2021 | ||
| 040 | |a BNB |b eng |c BNB |d NU | ||
| 082 | 0 | 4 | |a 556.78/23 |2 18 |
| 100 | 1 | |a Kent, Peter, |c Sir, |d 1913- | |
| 245 | 1 | 4 | |a The geology and geophysics of coastal Tanzania / |c P.E. Kent, J.A. Hunt, and D.W. Johnstone. |
| 260 | |a London : |b H.M.S.O., |c 1971. | ||
| 300 | |a vi, 101, [2] p. : |b ill., maps(incl 1 fold col in pocket) ; |c 28cm. | ||
| 440 | 0 | |a Geophysical paper ; |v no. 6. | |
| 500 | |a At head of title: Natural Environment Research Council. Institute of Geological Sciences. | ||
| 500 | |a Tanzania. Coastal regions. Geology. Research reports (BNB/PRECIS) | ||
| 504 | |a Bibliographyp.100-101. | ||
| 650 | 0 | |a Geology |z Tanzania. | |
| 650 | 0 | |a Coasts |z Tanzania. | |
| 700 | 1 | |a Hunt, J. A. | |
| 700 | 1 | |a Johnstone, Donald William. | |
| 710 | 2 | |a Institute of Geological Sciences (Great Britain) | |
| 852 | 8 | |b CARM |h A2:AR17E0 |i D07411 |p 0241723 |f BK | |
| 999 | f | f | |i 50558d3d-4372-5fee-b045-8c53e500fa98 |s 9acfb9f2-955c-5dc4-b207-99a09dfae20a |
| 952 | f | f | |p Can circulate |a CAVAL |b CAVAL |c CAVAL |d CARM 1 Store |e D07411 |f A2:AR17E0 |h Other scheme |i book |m 0241723 |